| 000 | 00805nam a2200301 i 4500 | ||
|---|---|---|---|
| 001 | |||
| 003 | DO-SdBNP | ||
| 005 | 20170118111500.0 | ||
| 008 | 901214s1989 sp spa | ||
| 016 | 7 |
_a _z _2BPMSU |
|
| 017 |
_a _b |
||
| 020 | _a8434825260 | ||
| 035 | _a(OCoLC) | ||
| 040 |
_aBPMSU _bspa _cBPMSU _e |
||
| 080 | 0 | _a | |
| 100 | 1 |
_aBaquedano, Lucía _d1938- |
|
| 245 | 1 | 0 |
_aDe la Tierra a Halley _h _cLucía Baquedano ; ilustraciones, Pablo Núñez |
| 250 | _a3a. ed. | ||
| 260 |
_aMadrid : _bSM, _c1989 |
||
| 300 |
_a125 p. : _bil.; _c17 cm |
||
| 440 | 0 |
_aCatamarán _v10 |
|
| 490 |
_aCatamarán _v10 |
||
| 500 | _3A partir de 9 años | ||
| 700 | 1 |
_aNúñez, Pablo _d1963- |
|
| 830 |
_aCatamarán _v10 |
||
| 942 |
_2ddc _cBK |
||
| 956 |
_a VMATEO _810 _b20170118 _cBPMSU _d 0069 |
||
| 999 |
_c12514 _d12514 |
||